000 01245nam0a2200289 4500
001 RU\NLR\bibl\813771
005 20250614133751.0
010 _a5-17-027385-1
_bАСТ
010 _a5-9578-1371-0
_bТранзиткнига
_95000
021 _aRU
_b2005-17100
_9872
035 _a(NLR Aleph) 000802819
090 _a1192051
_c1192051
100 _a20050629d2005 |||y0rusy50 ca
101 1 _arus
_ceng
102 _aRU
105 _ay |||||||||
200 1 _aОслепленные страстью
_eроманы
_f[пер. с англ. Т.А. Перцевой]
210 _aМосква
_cАСТ
_cТранзиткнига
_d2005
215 _a380, [2] с.
_d21
300 _aНа обл. авт.: Бертрис Смолл, Сьюзен Джонсон, Тия Дивайн, Робин Шоун
327 1 _aСодерж.: Укрощение леди Люсинды / Бертрис Смолл. Рискуя всем / Сьюзен Джонсон. Игра наслаждения / Тия Дивайн. Мужчина и женщина / Робин Шоун
686 _aШ6(7США)67-440.4я43{Лх1979-50сб}
801 0 _aRU
_bNLR
_c20050629
_gPSBO
801 1 _aRU
_bNLR
_c20050629
942 _cBOOK
980 _aNB